| 000 | 00762cam a2200253 a 4500 | ||
|---|---|---|---|
| 999 |
_c8246 _d8246 |
||
| 001 | 4904234 | ||
| 003 | GZU | ||
| 005 | 20210519083751.0 | ||
| 008 | 930901s1990 rh 000 1 sna | ||
| 010 | _a 93982432 | ||
| 020 | _a0869224840 | ||
| 040 |
_aDLC _cDLC _dDLC |
||
| 050 | 0 | 0 |
_aPL8681.9. _bCHI 1990 |
| 100 | 1 |
_aChigidi, Willie L. _eauthor |
|
| 245 | 1 | 0 |
_aAtsunzunya rega atsikwe / _cWillie Chigidi na Wiseman Magwa. |
| 260 |
_aGweru, Zimbabwe : _bMambo Press, _c1990. |
||
| 300 |
_a76 p. ; _c19 cm. |
||
| 500 | _aA play. | ||
| 500 | _aIn Shona. | ||
| 700 | 1 |
_aMagwa, Wiseman. _eauthor |
|
| 906 |
_a7 _bcbc _corignew _d3 _encip _f19 _gy-gencatlg |
||
| 942 |
_2lcc _cBK _h8681.9 _iCHI _kPL |
||